| 000 | 00852cam a2200253 a 4500 | ||
|---|---|---|---|
| 001 | 344 | ||
| 003 | BR-CuiBMT | ||
| 005 | 20231129045309.0 | ||
| 008 | 231101s2001 spb 000 0 por d | ||
| 020 | _a8520320635 | ||
| 040 |
_aBR-CuiBMT _cBR-CuiBMT |
||
| 080 |
_22007 _a351.72 |
||
| 090 |
_a351.72 _bC732 _c2. ed. |
||
| 245 | 0 | 0 |
_aComentários à lei de responsabilidade fiscal / _cCarlos Maurício Figueiredo ... [et al.]. |
| 250 | _a2. ed., rev., atual. e ampl. | ||
| 260 |
_aSão Paulo : _bRevista dos Tribunais, _c2001. |
||
| 300 |
_a320 p. ; _c21 cm |
||
| 504 | _aInclui bibliografia. | ||
| 650 |
_aFinanças públicas _vLegislação _zBrasil |
||
| 650 |
_aLei de responsabilidade fiscal _zBrasil |
||
| 650 |
_aAdministração pública _xResponsabilidade tributária _zBrasil |
||
| 700 | 1 |
_aFigueiredo, Carlos Maurício _4et al. |
|
| 942 |
_2udc _cLV |
||
| 999 |
_c344 _d344 |
||